[Event "2LD 24/25,Lanskroun-Namest n/Osl A"]
[Site ""]
[Date "2024.12.15"]
[Round "5.6"]
[White "Kosut, Tomas"]
[Black "Pokorny, Jiri"]
[WhiteElo "1908"]
[BlackElo "2087"]
[Result "1/2-1/2"]
[PlyCount "106"]

1. e4 e6 2. d4 d5 3. exd5 exd5 4. Bd3 Bd6 5. Ne2 Ne7 6. O-O O-O 7. Bf4 Bf5 8.
c3 c6 9. Qc2 Bxd3 10. Qxd3 Re8 11. Nd2 Bxf4 12. Nxf4 Nd7 13. Rfe1 Nf6 14. Re3
Qd7 15. Rae1 Nf5 16. Rxe8+ Rxe8 17. Rxe8+ Nxe8 18. Nf3 Nfd6 19. Ne5 Qe7 20. Kf1
f6 21. Nf3 Qe4 22. Qxe4 dxe4 23. Nd2 Kf7 24. g4 g6 25. Ke2 Nc7 26. c4 f5 27.
gxf5 gxf5 28. f3 exf3+ 29. Kxf3 Nce8 30. Nd3 Ng7 31. Nc5 Ne6 32. Nxe6 Kxe6 33.
Kf4 Kf6 34. a4 Ne8 35. b4 a6 36. Nb3 Nc7 37. Nc5 b5 38. axb5 axb5 39. Nd7+ Ke6
40. Nc5+ Kf6 41. Nd7+ Ke7 42. Nb6 bxc4 43. Nxc4 Ke6 44. Ne3 Kf6 45. Nxf5 Nd5+
46. Ke4 Nxb4 47. Ne3 h6 48. h4 Kg6 49. d5 Nxd5 50. Nxd5 Kh5 51. Ne7 Kxh4 52.
Nf5+ Kg5 53. Nxh6 Kxh6 1/2-1/2

[Event "2LD 24/25,Lanskroun-Namest n/Osl A"]
[Site ""]
[Date "2024.12.15"]
[Round "5.7"]
[White "Solil, Roman"]
[Black "Zezula, Rudolf"]
[WhiteElo "1937"]
[BlackElo "2014"]
[Result "0-1"]
[PlyCount "74"]

1. e4 c5 2. Ne2 e6 3. d4 cxd4 4. Nxd4 a6 5. g3 Qc7 6. Bg2 Nf6 7. O-O Bc5 8. Be3
h5 9. h3 h4 10. g4 d6 11. Nd2 Nc6 12. N2b3 Ba7 13. g5 Nh5 14. g6 Ne5 15. gxf7+
Qxf7 16. Bg5 O-O 17. Bxh4 Nf4 18. Bg3 Qg6 19. c3 Qg5 20. Kh2 Neg6 21. Qg4 Qh6
22. Nf3 e5 23. Qg5 Qh7 24. Nh4 Bb6 25. Nxg6 Nxg6 26. Qd2 Rf6 27. f4 exf4 28.
Bxf4 Bxh3 29. Bxh3 Raf8 30. Bg3 Rxf1 31. Rxf1 Rxf1 32. Qd5+ Kh8 33. Qxd6 Rf6
34. Qb8+ Nf8 35. Nd4 Qxe4 36. Ne6 Qe2+ 37. Kh1 Qd1+ 0-1

[Event "2LD 24/25,Lanskroun-Namest n/Osl A"]
[Site ""]
[Date "2024.12.15"]
[Round "5.8"]
[White "Zaza, Martin"]
[Black "Ambroz, Antonin"]
[WhiteElo "1945"]
[BlackElo "1924"]
[Result "0-1"]
[PlyCount "70"]

1. b3 d5 2. Nf3 c5 3. e3 Nf6 4. Bb5+ Bd7 5. Qe2 a6 6. Bxd7+ Nbxd7 7. Bb2 e6 8.
c4 Be7 9. Nc3 O-O 10. cxd5 exd5 11. d4 cxd4 12. Nxd4 Bc5 13. Rd1 Qc7 14. O-O b5
15. Qf3 Bd6 16. g3 Nb6 17. Nf5 Be5 18. Nxd5 Nbxd5 19. Bxe5 Qxe5 20. Rxd5 Nxd5
21. Qxd5 Qxd5 22. Ne7+ Kh8 23. Nxd5 Rac8 24. a4 f5 25. axb5 axb5 26. b4 Rfd8
27. Ne7 Rc4 28. Nxf5 Rxb4 29. Nd4 Rb2 30. Rc1 b4 31. Rc4 Rf8 32. Ne6 Rb8 33.
Rc7 b3 34. Nc5 Rc2 35. Nxb3 Rxc7 0-1

[Event "2LD 24/25,Policka-Vysoke Myto"]
[Site ""]
[Date "2024.12.15"]
[Round "5.1"]
[White "Cesenek, Jan"]
[Black "Sabol, Marian"]
[WhiteElo "2072"]
[BlackElo "2221"]
[Result "1/2-1/2"]
[PlyCount "92"]

1. e4 c5 2. Nf3 d6 3. d4 cxd4 4. Nxd4 Nf6 5. Nc3 a6 6. f3 e5 7. Nb3 Be6 8. Be3
Be7 9. Qd2 b5 10. g4 h6 11. O-O-O Nbd7 12. Qf2 Qc7 13. Kb1 b4 14. Nd5 Bxd5 15.
exd5 Bd8 16. h4 Nb6 17. Bxb6 Qxb6 18. Qe2 Kf8 19. Bg2 Bc7 20. f4 exf4 21. Rd4
a5 22. Rxf4 Re8 23. Qc4 Nd7 24. Rhf1 Ne5 25. Qe4 Bd8 26. h5 Bg5 27. Rf5 Bf6 28.
Qf4 Kg8 29. Rxf6 gxf6 30. Nd4 Nd7 31. Nf5 Re5 32. Nxh6+ Rxh6 33. Qxh6 Qe3 34.
Qxe3 Rxe3 35. Kc1 Kg7 36. Rf3 Re1+ 37. Kd2 Ra1 38. a3 Ne5 39. axb4 Nxf3+ 40.
Bxf3 axb4 41. c4 Rb1 42. Kc2 Rf1 43. Be2 Rf2 44. Kd3 Rh2 45. Ke3 b3 46. Kd3 Kf8
 1/2-1/2

[Event "2LD 24/25,Policka-Vysoke Myto"]
[Site ""]
[Date "2024.12.15"]
[Round "5.2"]
[White "Smajzr, Martin"]
[Black "Pavlicek, Lukas"]
[WhiteElo "2064"]
[BlackElo "1983"]
[Result "1/2-1/2"]
[PlyCount "29"]

1. d4 c5 2. d5 e5 3. c4 d6 4. e4 Be7 5. Bd3 Bg5 6. Nc3 Bxc1 7. Qxc1 Ne7 8. Nge2
O-O 9. Ng3 f5 10. exf5 Nxf5 11. Nxf5 Bxf5 12. Bxf5 Rxf5 13. O-O Nd7 14. Qc2 Rh5
15. Ne4 1/2-1/2

[Event "2LD 24/25,Policka-Vysoke Myto"]
[Site ""]
[Date "2024.12.15"]
[Round "5.3"]
[White "Novak, Ales"]
[Black "Grundman, Vaclav"]
[WhiteElo "2089"]
[BlackElo "2058"]
[Result "1/2-1/2"]
[PlyCount "84"]

1. Nc3 f5 2. e4 fxe4 3. Nxe4 e6 4. Qh5+ Ke7 5. d4 d5 6. Bg5+ Nf6 7. Ng3 Qe8 8.
Qh4 Nbd7 9. O-O-O Kd8 10. Re1 Qf7 11. Nf3 Be7 12. Bd3 h6 13. Ne5 Nxe5 14. dxe5
Nd7 15. Bxe7+ Qxe7 16. Qg4 Nc5 17. Re3 Bd7 18. Rd1 Kc8 19. Nh5 g5 20. Nf6 Bc6
21. Rh3 b6 22. Qe2 Kb7 23. Kb1 Rad8 24. a3 a5 25. Bb5 Bxb5 26. Qxb5 a4 27. Rd4
c6 28. Qe2 Ra8 29. Qg4 Ra5 30. Rb4 b5 31. Qh5 Na6 32. Rg4 b4 33. axb4 Rb5 34.
c3 c5 35. Rxg5 cxb4 36. c4 dxc4 37. Qf3+ Ka7 38. Qe3+ Qc5 39. Rg7+ Rb7 40.
Rxb7+ Kxb7 41. Qxc5 Nxc5 42. Rh4 Nb3 1/2-1/2

[Event "2LD 24/25,Policka-Vysoke Myto"]
[Site ""]
[Date "2024.12.15"]
[Round "5.4"]
[White "Vesely, Tomas"]
[Black "Houska, Bronislav"]
[WhiteElo "2028"]
[BlackElo "1989"]
[Result "1/2-1/2"]
[PlyCount "134"]

1. Nf3 c5 2. g3 g6 3. Bg2 Bg7 4. c4 Nc6 5. Nc3 e5 6. Rb1 d6 7. a3 a5 8. d3 Nge7
9. O-O O-O 10. Bg5 f6 11. Be3 Be6 12. Ne1 b6 13. Nd5 Rb8 14. b4 axb4 15. Nxe7+
Nxe7 16. axb4 Qd7 17. Nc2 Bh3 18. Bd2 Bxg2 19. Kxg2 f5 20. Bg5 Nc6 21. b5 Nd4
22. Nxd4 exd4 23. Qd2 d5 24. Qc2 Rbe8 25. Ra1 h6 26. Bc1 f4 27. f3 fxg3 28.
hxg3 Re5 29. Rh1 Rfe8 30. Re1 Rh5 31. g4 Rh4 32. Rh1 Rxh1 33. Kxh1 Qe7 34. Bf4
Qf7 35. Bg3 dxc4 36. Qxc4 Qxc4 37. dxc4 d3 38. Ra2 dxe2 39. Be1 Bd4 40. Kg2 Kf7
41. Ra7+ Kf6 42. Bh4+ g5 43. Be1 Re3 44. Ra6 Re6 45. Ra8 Kg6 46. Rg8+ Kf7 47.
Rb8 Ke7 48. Rb7+ Kd8 49. Ra7 Re3 50. Ra2 Kd7 51. Ra7+ Kd6 52. Ra6 Kc7 53. Ra7+
Kb8 54. Ra2 Kb7 55. Kg3 Kc8 56. Kg2 Kd7 57. Ra7+ Ke8 58. Rb7 Re6 59. Ra7 Be3
60. Ra2 Bd4 61. Ra7 Re7 62. Rxe7+ Kxe7 63. f4 gxf4 64. Kf3 Be3 65. Kxe2 Kd6 66.
Kf3 Ke5 67. Bc3+ Bd4 1/2-1/2

[Event "2LD 24/25,Policka-Vysoke Myto"]
[Site ""]
[Date "2024.12.15"]
[Round "5.5"]
[White "Kastner, Oldrich"]
[Black "Trhal, Tomas"]
[WhiteElo "2017"]
[BlackElo "2048"]
[Result "1/2-1/2"]
[PlyCount "37"]

1. d4 Nf6 2. Nf3 e6 3. Bf4 c5 4. e3 Qb6 5. Nc3 cxd4 6. Nb5 Nd5 7. Qxd4 Qxd4 8.
Nfxd4 Nc6 9. Nd6+ Bxd6 10. Bxd6 Nxd4 11. exd4 b6 12. c4 Ne7 13. Bd3 Bb7 14. O-O
f6 15. Rfe1 Kf7 16. Re3 Rae8 17. Rae1 g6 18. Bxe7 Kxe7 19. f4 1/2-1/2

[Event "2LD 24/25,Policka-Vysoke Myto"]
[Site ""]
[Date "2024.12.15"]
[Round "5.6"]
[White "Kosek, Marek"]
[Black "Lorenc, Oldrich"]
[WhiteElo "2109"]
[BlackElo "1999"]
[Result "1/2-1/2"]
[PlyCount "29"]

1. c4 c5 2. Nc3 g6 3. g3 Bg7 4. Bg2 Nf6 5. Nf3 O-O 6. d4 cxd4 7. Nxd4 Nc6 8.
O-O a6 9. Nc2 d6 10. e4 Rb8 11. Qe2 Be6 12. Rd1 Qc8 13. Bf4 Bg4 14. f3 Be6 15.
Rac1 1/2-1/2

[Event "2LD 24/25,Policka-Vysoke Myto"]
[Site ""]
[Date "2024.12.15"]
[Round "5.7"]
[White "Komarkova, Magdalena"]
[Black "Ptacek, Lubos"]
[WhiteElo "1958"]
[BlackElo "2043"]
[Result "0-1"]
[PlyCount "76"]

1. e4 e5 2. Nf3 Nc6 3. Bb5 a6 4. Ba4 d6 5. O-O Be7 6. c4 Bd7 7. Nc3 Nf6 8. d4
Nxd4 9. Bxd7+ Qxd7 10. Nxd4 exd4 11. Qxd4 O-O 12. b3 Rfe8 13. Bb2 c6 14. Rad1
Rad8 15. Ne2 Nh5 16. Qd3 Bf6 17. Ba3 Qe6 18. Bxd6 Qxe4 19. Qxe4 Rxe4 20. Rfe1
g6 21. f3 Re6 22. c5 Ng7 23. Kf2 Nf5 24. Bc7 Rde8 25. Bf4 g5 26. Bc1 h6 27. Kf1
Nh4 28. Ng3 Rxe1+ 29. Rxe1 Rxe1+ 30. Kxe1 Nxg2+ 31. Kf2 Nh4 32. Ne4 Be5 33. h3
Nf5 34. f4 gxf4 35. Kf3 Nd4+ 36. Kf2 Ne6 37. h4 f5 38. Nd6 Nxc5 0-1

[Event "2LD 24/25,Policka-Vysoke Myto"]
[Site ""]
[Date "2024.12.15"]
[Round "5.8"]
[White "Dosedel, Jiri"]
[Black "Sodomka, Adam"]
[WhiteElo "2005"]
[BlackElo "1948"]
[Result "1-0"]
[PlyCount "41"]

1. Nf3 d5 2. g3 Nf6 3. Bg2 e6 4. d3 Be7 5. O-O O-O 6. Nbd2 b6 7. e4 Bb7 8. e5
Nfd7 9. Re1 c5 10. c3 Nc6 11. Qe2 Qc7 12. Nf1 Rae8 13. Bf4 Qd8 14. h4 Qa8 15.
N1h2 d4 16. c4 Nd8 17. Bh3 f5 18. exf6 Rxf6 19. Nd2 Rff8 20. Bxe6+ Nxe6 21.
Qxe6+ 1-0

[Event "2LD 24/25,Lipa-Jihlava B"]
[Site ""]
[Date "2024.12.15"]
[Round "5.1"]
[White "Jirasek, Pavel"]
[Black "Seidl, Stepan"]
[WhiteElo "2290"]
[BlackElo "2141"]
[Result "1-0"]
[PlyCount "133"]

1. c4 e6 2. g3 d5 3. Bg2 Nf6 4. Nf3 c5 5. cxd5 exd5 6. d4 Nc6 7. O-O Be7 8.
dxc5 Bxc5 9. Bg5 O-O 10. Qc1 Be7 11. Nc3 Be6 12. Rd1 Qa5 13. Nd4 Nxd4 14. Rxd4
Rfc8 15. Qd2 Kf8 16. Rd1 Rc4 17. Be3 Rxd4 18. Bxd4 Rd8 19. Qd3 Kg8 20. a3 a6
21. Qe3 Ng4 22. Qf4 Nf6 23. Bf3 Rd7 24. h4 Qd8 25. Na4 b5 26. Nc5 Bxc5 27. Bxc5
Ne4 28. Bd4 Nd6 29. Qe5 Nf5 30. e3 Nxd4 31. Rxd4 h6 32. Kg2 Kf8 33. Rd1 Kg8 34.
Qc3 Rd6 35. Qc5 Rd7 36. Rd4 Kh7 37. a4 bxa4 38. Rxa4 Rb7 39. e4 Rb5 40. Qd4 a5
41. Qd3 Qd7 42. exd5+ Bf5 43. Qd2 Rxb2 44. Qxa5 Bh3+ 45. Kg1 Rb1+ 46. Kh2 Rf1
47. Be4+ g6 48. Qa7 Bf5 49. Qxd7 Bxd7 50. Ra7 Bf5 51. Kg2 Bxe4+ 52. Kxf1 Bxd5
53. Ke2 Be6 54. Ra5 h5 55. Ke3 Kg7 56. Kf4 Kf6 57. Ra6 Kg7 58. Ke5 Bc4 59. Rf6
Bb3 60. Rf4 Be6 61. Kd6 Bb3 62. Ke7 Be6 63. Rf6 Bd5 64. f4 Bb3 65. f5 gxf5 66.
Rxf5 Kg6 67. Rg5+ 1-0

[Event "2LD 24/25,Lipa-Jihlava B"]
[Site ""]
[Date "2024.12.15"]
[Round "5.2"]
[White "Vesely, Vitek"]
[Black "Rokos, Filip"]
[WhiteElo "2192"]
[BlackElo "2157"]
[Result "1-0"]
[PlyCount "117"]

1. d4 d5 2. c4 e6 3. Nf3 Nf6 4. g3 Be7 5. Bg2 O-O 6. O-O dxc4 7. Qc2 a6 8. Qxc4
b5 9. Qc2 Bb7 10. Bd2 Be4 11. Qc1 Bb7 12. Rd1 Ra7 13. Bg5 Nbd7 14. Nbd2 Qa8 15.
Nb3 h6 16. Bxf6 Nxf6 17. Na5 Bd5 18. Ne1 Bxg2 19. Nxg2 Bd6 20. Nc6 Rb7 21. Qc2
Rc8 22. e4 Rb6 23. Rac1 Bf8 24. Nf4 a5 25. f3 Nd7 26. Nd3 Nb8 27. Nde5 Nxc6 28.
Nxc6 Qa6 29. e5 Ra8 30. d5 exd5 31. Rxd5 Qb7 32. Rd7 Qa6 33. Qe4 Qc8 34. Qd5
Qe8 35. Rxc7 b4 36. Rd1 Rc8 37. Rxc8 Qxc8 38. Nxa5 Qc5+ 39. Qxc5 Bxc5+ 40. Kf1
Ra6 41. Rd8+ Kh7 42. Nb3 Ba7 43. Nc1 Be3 44. Rc8 Bxc1 45. Rxc1 Rxa2 46. Rc2 Kg6
47. f4 Kf5 48. Re2 Ra1+ 49. Kf2 Rc1 50. Ke3 Kg4 51. Ke4 h5 52. f5 Kg5 53. Rf2
f6 54. e6 Re1+ 55. Kd5 g6 56. fxg6 Kxg6 57. Kd6 f5 58. Ke7 Ra1 59. Re2 1-0

[Event "2LD 24/25,Lipa-Jihlava B"]
[Site ""]
[Date "2024.12.15"]
[Round "5.3"]
[White "Kracik, Tomas"]
[Black "Zigo, Viktor"]
[WhiteElo "2169"]
[BlackElo "2155"]
[Result "1/2-1/2"]
[PlyCount "157"]

1. e4 e5 2. Nf3 Nc6 3. Bc4 Nf6 4. d3 Be7 5. O-O O-O 6. Nbd2 a6 7. a4 d6 8. c3
Be6 9. Re1 h6 10. Bb3 Qd7 11. Bc2 Rad8 12. Nf1 Rfe8 13. Ng3 d5 14. exd5 Qxd5
15. h3 b5 16. axb5 axb5 17. Qe2 Bc5 18. Nd2 Ra8 19. Rxa8 Rxa8 20. Nge4 Be7 21.
Qf3 Nxe4 22. dxe4 Qa2 23. Qg3 Bg5 24. Bb1 Qa4 25. Qf3 b4 26. cxb4 Qxb4 27. Qc3
Qxc3 28. bxc3 Ra1 29. Kf1 Na5 30. Bb2 Bxd2 31. Bxa1 Bc4+ 32. Re2 Bc1 33. Bc2
Kf8 34. Ke1 Ke7 35. Kd1 Bxe2+ 36. Kxe2 Kd6 37. Kd3 c5 38. Ba4 c4+ 39. Kc2 Ba3
40. Bb2 Bxb2 41. Kxb2 Nb7 42. Bb5 Kc5 43. Ba4 Nd6 44. Bc2 Nb5 45. Bd1 Nc7 46.
Bg4 Ne8 47. h4 Nf6 48. Bf3 g5 49. hxg5 hxg5 50. g3 Kb5 51. Kc2 Nd7 52. Bh5 Nf6
53. Bf3 g4 54. Bg2 Nd7 55. f3 gxf3 56. Bxf3 Nc5 57. Bg2 f6 58. Bf3 Ka4 59. g4
Ka3 60. Be2 Nxe4 61. Bxc4 Ka4 62. Bd5 Nd6 63. Bc6+ Ka5 64. Kd3 Kb6 65. Be4 Kc5
66. Bg6 Kd5 67. Be4+ Kc5 68. Bg6 Kb5 69. Be4 Kb6 70. Bg6 Kc5 71. Be4 Nf7 72.
Bg6 Ng5 73. Bf5 Nf7 74. Bg6 Nh6 75. Bh5 Kd5 76. c4+ Kc5 77. Ke4 Kxc4 78. g5
fxg5 79. Kxe5 1/2-1/2

[Event "2LD 24/25,Lipa-Jihlava B"]
[Site ""]
[Date "2024.12.15"]
[Round "5.4"]
[White "Bukacek, Lubomir"]
[Black "Pokorny, Zdenek"]
[WhiteElo "2119"]
[BlackElo "2187"]
[Result "0-1"]
[PlyCount "102"]

1. e4 e5 2. Nc3 Nc6 3. f4 Bb4 4. Nf3 d6 5. Bb5 Nf6 6. O-O O-O 7. Bxc6 bxc6 8.
fxe5 dxe5 9. d3 h6 10. Kh1 Qe7 11. Qe1 Nh5 12. Nh4 Bxc3 13. bxc3 g5 14. Nf5
Bxf5 15. Rxf5 Ng7 16. Rf3 f5 17. a4 f4 18. Ba3 c5 19. d4 exd4 20. cxd4 Ne6 21.
Rc3 Rfe8 22. e5 Rad8 23. dxc5 Ng7 24. Rd3 Rxd3 25. cxd3 Qxe5 26. Qc1 Qd5 27.
Qc3 f3 28. Bb2 fxg2+ 29. Kg1 Re7 30. Rc1 Rf7 31. Qd2 Rf1+ 32. Rxf1 gxf1=Q+ 33.
Kxf1 Qh1+ 34. Ke2 Qxh2+ 35. Kd1 Qg1+ 36. Kc2 Qxc5+ 37. Kb1 Ne6 38. Qh2 Kh7 39.
Qe2 Qf5 40. Qe3 a6 41. Be5 Kg6 42. Kb2 h5 43. a5 h4 44. d4 Nf4 45. Bxc7 Qb5+
46. Ka3 Qd3+ 47. Qxd3+ Nxd3 48. d5 Kf5 49. Bh2 Nf4 50. Kb4 Nxd5+ 51. Kc5 Ke4
 0-1

[Event "2LD 24/25,Lipa-Jihlava B"]
[Site ""]
[Date "2024.12.15"]
[Round "5.5"]
[White "Safarik, Jakub"]
[Black "Seidl, Antonin"]
[WhiteElo "2116"]
[BlackElo "2079"]
[Result "0-1"]
[PlyCount "58"]

1. d4 Nf6 2. Nf3 b5 3. c3 Bb7 4. a4 a6 5. e3 c6 6. Bd3 d5 7. O-O Nbd7 8. Nbd2
e6 9. Re1 Bd6 10. e4 dxe4 11. Nxe4 Nxe4 12. Bxe4 Qc7 13. b4 h6 14. Bc2 O-O-O
15. c4 Bxb4 16. Bd2 Bxd2 17. Qxd2 bxc4 18. Rab1 c5 19. Qc3 Nb6 20. dxc5 Qxc5
21. Ne5 Rd4 22. a5 Nd7 23. Qb2 Qd5 24. f3 Nxe5 25. Rxe5 Qxe5 26. Qxb7+ Kd8 27.
Qa8+ Ke7 28. Qxh8 Rd2 29. Qh7 Qg5 0-1

[Event "2LD 24/25,Lipa-Jihlava B"]
[Site ""]
[Date "2024.12.15"]
[Round "5.6"]
[White "Jurek, Miroslav"]
[Black "Szucs, Matyas"]
[WhiteElo "2087"]
[BlackElo "2092"]
[Result "1-0"]
[PlyCount "75"]

1. e4 e6 2. Nf3 d5 3. e5 c5 4. b4 cxb4 5. d4 Ne7 6. a3 Nec6 7. axb4 Bxb4+ 8. c3
Be7 9. Bd3 Nd7 10. O-O Rb8 11. Ne1 b5 12. f4 g6 13. g4 b4 14. Be3 a5 15. Qf3 f5
16. gxf5 exf5 17. Qxd5 Bb7 18. Bb5 Ncxe5 19. Qxe5 Rf8 20. Nd3 Ba6 21. Bxd7+
Kxd7 22. Qd5+ Kc7 23. Qxa5+ Rb6 24. d5 Rff6 25. Rd1 Kb7 26. Bxb6 Rxb6 27. Nc5+
Bxc5+ 28. Qxc5 Qh4 29. Nd2 Be2 30. d6 Qg4+ 31. Kf2 Qxf4+ 32. Kxe2 Qxh2+ 33. Kd3
Rxd6+ 34. Kc2 b3+ 35. Kxb3 Rb6+ 36. Kc2 Qe2 37. Rdb1 Rxb1 38. Ra7+ 1-0

[Event "2LD 24/25,Lipa-Jihlava B"]
[Site ""]
[Date "2024.12.15"]
[Round "5.7"]
[White "Sedivy, Martin"]
[Black "Hrabal, Michal"]
[WhiteElo "2115"]
[BlackElo "2034"]
[Result "1-0"]
[PlyCount "47"]

1. e4 e5 2. Nf3 Nc6 3. c3 d5 4. Qa4 f6 5. d3 Be6 6. Be3 Bd6 7. Nbd2 Nge7 8. d4
O-O 9. Bd3 Kh8 10. O-O-O a6 11. Qc2 exd4 12. Nxd4 Nxd4 13. cxd4 c5 14. dxc5 Rc8
15. Kb1 d4 16. Bxd4 Nc6 17. Bc3 Bxc5 18. Bc4 Bxc4 19. Nxc4 Qe7 20. Rhe1 b5 21.
e5 fxe5 22. Nxe5 Nxe5 23. Rxe5 Qa7 24. Rh5 1-0

[Event "2LD 24/25,Lipa-Jihlava B"]
[Site ""]
[Date "2024.12.15"]
[Round "5.8"]
[White "Mouryc, Tomas"]
[Black "Vasatko, Martin"]
[WhiteElo "1954"]
[BlackElo "1946"]
[Result "0-1"]
[PlyCount "80"]

1. e4 c5 2. Nf3 Nc6 3. c4 g6 4. d4 cxd4 5. Nxd4 Bg7 6. Be3 Nf6 7. Nc3 O-O 8.
Be2 d6 9. O-O Bd7 10. f3 Nxd4 11. Bxd4 Bc6 12. Qd2 Qa5 13. Rfd1 Nd7 14. Bxg7
Kxg7 15. Rab1 Qc5+ 16. Kh1 a5 17. b3 Rfd8 18. Bf1 Qh5 19. Qe3 Ne5 20. Nd5 Bxd5
21. Rxd5 Qh4 22. Rbd1 Rdc8 23. Rb5 a4 24. g3 Qf6 25. Bg2 axb3 26. axb3 Ra2 27.
Rxb7 Rca8 28. h3 Rb2 29. f4 Nc6 30. Rb6 Raa2 31. e5 Qe6 32. Bf1 Rf2 33. g4 dxe5
34. Qe4 Qf6 35. Rxc6 Qxf4 36. Qxf4 exf4 37. b4 f3 38. b5 e5 39. Re1 e4 40. Ra6
Rh2+ 0-1

[Event "2LD 24/25,Polabiny C-Lipky HK B"]
[Site ""]
[Date "2024.12.15"]
[Round "5.1"]
[White "Jedlicka, Ales"]
[Black "Cech, Pavel"]
[WhiteElo "2111"]
[BlackElo "2326"]
[Result "0-1"]
[PlyCount "96"]

1. d4 d5 2. c4 c6 3. Nf3 Nf6 4. Nc3 dxc4 5. a4 Bf5 6. e3 e6 7. Bxc4 Bb4 8. O-O
O-O 9. Qe2 Nbd7 10. e4 Bg6 11. Bd3 c5 12. Na2 Ba5 13. e5 Nd5 14. Bg5 Bxd3 15.
Qxd3 Qb6 16. Be3 h6 17. Nc3 Nxe3 18. fxe3 cxd4 19. exd4 Qxb2 20. Nb5 Rac8 21.
Rab1 Qc2 22. Qa3 Nb6 23. Rfc1 Qxa4 24. Qxa4 Rxc1+ 25. Rxc1 Nxa4 26. Ra1 Nc3 27.
Rxa5 b6 28. Nxc3 bxa5 29. Nd2 Rc8 30. Na4 Rc2 31. Nb3 Rc4 32. Nbc5 Rxd4 33. Nc3
Rd2 34. Kf1 Kh7 35. N5e4 Rc2 36. h3 h5 37. g4 h4 38. Ke1 Kg6 39. Kf1 f5 40.
exf6 gxf6 41. Na4 f5 42. gxf5+ Kxf5 43. Nec3 Kf4 44. Ne2+ Ke3 45. Nec3 Kd3 46.
Nd1 Rc1 47. Ke1 Kc2 48. Nac3 a4 0-1

[Event "2LD 24/25,Polabiny C-Lipky HK B"]
[Site ""]
[Date "2024.12.15"]
[Round "5.2"]
[White "Winter, Ondrej"]
[Black "Mojzis, Jaroslav"]
[WhiteElo "2217"]
[BlackElo "2109"]
[Result "1-0"]
[PlyCount "97"]

1. e4 e5 2. Nf3 Nc6 3. d4 exd4 4. Bc4 Nf6 5. e5 Ng4 6. Qe2 Qe7 7. Bf4 d6 8.
exd6 Qxe2+ 9. Bxe2 Bxd6 10. Bxd6 cxd6 11. Na3 Nge5 12. O-O-O Nxf3 13. Bxf3 Be6
14. Nb5 O-O-O 15. Nxd4 Nxd4 16. Rxd4 Rd7 17. Rhd1 Rhd8 18. b3 d5 19. Kb2 Kc7
20. h4 Rd6 21. R1d3 R6d7 22. Bd1 Bf5 23. Rg3 f6 24. Rf3 Be4 25. Rc3+ Kb8 26.
Bg4 Rc7 27. Rxc7 Kxc7 28. f3 Bg6 29. Be6 Re8 30. Bxd5 Re2 31. Rc4+ Kd6 32. Bxb7
Rxg2 33. a4 Bf7 34. Rc6+ Kd7 35. Ra6 Bg6 36. Be4 Bxe4 37. fxe4 h5 38. Rxa7+ Kc6
39. Ra5 g5 40. Ra6+ Kc5 41. Rxf6 g4 42. a5 Rd2 43. a6 Rd7 44. Rf5+ Kb6 45. Rxh5
Rg7 46. Rf5 g3 47. Rf1 Kxa6 48. Rg1 g2 49. h5 1-0

[Event "2LD 24/25,Polabiny C-Lipky HK B"]
[Site ""]
[Date "2024.12.15"]
[Round "5.3"]
[White "Hostinsky, Jiri"]
[Black "Juptner, Jan"]
[WhiteElo "2075"]
[BlackElo "2232"]
[Result "0-1"]
[PlyCount "62"]

1. e4 c5 2. Nf3 d6 3. d4 cxd4 4. Nxd4 Nf6 5. Nc3 a6 6. Be3 Ng4 7. Bg5 h6 8. Bh4
g5 9. Bg3 Bg7 10. Qd2 Nc6 11. Nb3 Be6 12. h4 gxh4 13. Rxh4 b5 14. f4 b4 15. f5
bxc3 16. bxc3 Bxf5 17. exf5 h5 18. Be2 Qb6 19. Bf3 Rc8 20. O-O-O Bf6 21. Rh3
Nce5 22. Bxe5 Bxe5 23. Bxg4 hxg4 24. Rxh8+ Bxh8 25. Qg5 Kf8 26. Nd4 Rxc3 27.
Qxg4 Qc5 28. Qe4 d5 29. Qf4 Qa3+ 30. Kd2 Qb2 31. Ke1 Rc4 0-1

[Event "2LD 24/25,Polabiny C-Lipky HK B"]
[Site ""]
[Date "2024.12.15"]
[Round "5.4"]
[White "Nun, Jiri"]
[Black "Stary, Vojtech"]
[WhiteElo "2224"]
[BlackElo "1937"]
[Result "1-0"]
[PlyCount "73"]

1. e4 c5 2. Nf3 Nc6 3. Bb5 g6 4. Bxc6 dxc6 5. O-O Bg7 6. h3 e5 7. d3 Ne7 8. Be3
b6 9. Nc3 O-O 10. Qd2 f5 11. Bh6 Qc7 12. Bxg7 Kxg7 13. exf5 Nxf5 14. Rae1 Nd4
15. Nxd4 cxd4 16. Ne4 Bf5 17. Re2 Bxe4 18. Rxe4 Rf5 19. Rfe1 Raf8 20. f3 c5 21.
Qe2 Qf7 22. b3 Re8 23. Rf1 Qf6 24. Re1 h5 25. Qd2 g5 26. R1e2 Rf4 27. Qe1 Rxe4
28. Rxe4 h4 29. Rg4 Qg6 30. Qc1 Kf6 31. Qa3 a5 32. Qa4 Kg7 33. Qd7+ Kh6 34. g3
Rf8 35. gxh4 Rxf3 36. hxg5+ Kh5 37. Rh4+ 1-0

[Event "2LD 24/25,Polabiny C-Lipky HK B"]
[Site ""]
[Date "2024.12.15"]
[Round "5.5"]
[White "Trasakova, Adela"]
[Black "Novak, Radomir"]
[WhiteElo "1933"]
[BlackElo "2055"]
[Result "1/2-1/2"]
[PlyCount "45"]

1. d4 e6 2. Nf3 f5 3. g3 b6 4. Bg2 Bb7 5. O-O Nf6 6. c4 Be7 7. Nc3 O-O 8. d5
Qc8 9. dxe6 dxe6 10. Bf4 Rd8 11. Qc2 Bd6 12. Rad1 Nc6 13. Bxd6 cxd6 14. Nb5 d5
15. cxd5 Nxd5 16. Nh4 Na5 17. Qb1 g6 18. Rfe1 a6 19. Na3 Nf6 20. Rxd8+ Qxd8 21.
Bxb7 Nxb7 22. Rd1 Qe7 23. Qc2 1/2-1/2

[Event "2LD 24/25,Polabiny C-Lipky HK B"]
[Site ""]
[Date "2024.12.15"]
[Round "5.6"]
[White "Jezbera, Jiri"]
[Black "Juchelka, Marek"]
[WhiteElo "2056"]
[BlackElo "1918"]
[Result "1-0"]
[PlyCount "61"]

1. e4 c5 2. Nc3 Nc6 3. f4 g6 4. Nf3 Bg7 5. Bc4 e6 6. O-O Nge7 7. e5 d5 8. exd6
Qxd6 9. Ne4 Qxf4 10. Nfg5 Qe5 11. Nxf7 Qd4+ 12. Kh1 Nf5 13. Rxf5 exf5 14. c3
Qd7 15. Nxc5 Qe7 16. d4 Rf8 17. Ng5 Rf6 18. Nxh7 Rd6 19. Bf4 Be5 20. Qf1 Qxh7
21. dxe5 Rd8 22. Qf3 Qe7 23. Qg3 Qh7 24. e6 a6 25. Bg5 Ne7 26. Bxe7 Qxe7 27.
Qxg6+ Kf8 28. Qxf5+ Kg7 29. Rf1 Rf8 30. Qe5+ Kg8 31. Rxf8+ 1-0

[Event "2LD 24/25,Polabiny C-Lipky HK B"]
[Site ""]
[Date "2024.12.15"]
[Round "5.7"]
[White "Cerny, Jan"]
[Black "Sprinar, Michal"]
[WhiteElo "1972"]
[BlackElo "2013"]
[Result "0-1"]
[PlyCount "76"]

1. d4 Nf6 2. Nf3 g6 3. Bg5 Bg7 4. Nbd2 d5 5. e3 O-O 6. Be2 Ne4 7. Nxe4 dxe4 8.
Nd2 f5 9. c3 Be6 10. O-O Nd7 11. f3 exf3 12. Bxf3 Nf6 13. e4 h6 14. Bh4 f4 15.
Bxf6 Bxf6 16. e5 Bg7 17. Ne4 b6 18. Nf2 Rc8 19. Bb7 Rb8 20. Bc6 Bf5 21. Qf3 Qc8
22. g4 fxg3 23. Qxg3 Qe6 24. Be4 Bxe4 25. Nxe4 c5 26. Nd2 cxd4 27. cxd4 Rxf1+
28. Kxf1 Rd8 29. Qb3 Rd5 30. Nf3 Qh3+ 31. Ke2 e6 32. Rg1 g5 33. Rg3 Qh5 34. Qc4
g4 35. Qc8+ Kh7 36. Qxe6 gxf3+ 37. Ke3 f2 38. Kxf2 Rxd4 0-1

[Event "2LD 24/25,Polabiny C-Lipky HK B"]
[Site ""]
[Date "2024.12.15"]
[Round "5.8"]
[White "Tichy, Miroslav"]
[Black "Kuzmin, Sergej"]
[WhiteElo "1990"]
[BlackElo "1971"]
[Result "1/2-1/2"]
[PlyCount "41"]

1. e4 c5 2. Nc3 Nc6 3. g3 g6 4. Bg2 Bg7 5. d3 e6 6. Be3 d6 7. Qd2 a6 8. Nge2
Qc7 9. O-O Rb8 10. h3 b5 11. f4 Nge7 12. Rf2 b4 13. Nd1 Nd4 14. Nc1 O-O 15. c3
Ndc6 16. Ne2 a5 17. Rc1 Qd7 18. d4 cxd4 19. Nxd4 Nxd4 20. Bxd4 Rd8 21. Bxg7
 1/2-1/2

[Event "2LD 24/25,Namest n/Osl B-Lipky HK B"]
[Site ""]
[Date "2025.01.12"]
[Round "6.1"]
[White "Hladky, Tadeas"]
[Black "Kanovsky, David"]
[WhiteElo "2117"]
[BlackElo "2375"]
[Result "1/2-1/2"]
[PlyCount "48"]

1. e4 c5 2. Nf3 e6 3. b3 a6 4. Bb2 d5 5. exd5 exd5 6. d4 Nf6 7. Bd3 Nc6 8. O-O
Be7 9. a3 O-O 10. h3 Ne4 11. Nc3 Nxc3 12. Bxc3 Bf6 13. Qd2 Nxd4 14. Nxd4 cxd4
15. Bb2 Qb6 16. Rfd1 Be6 17. Bf1 Rac8 18. Rac1 Bf5 19. Bd3 Bxd3 20. Qxd3 Rfe8
21. Re1 Qc5 22. Rcd1 Re4 23. Rxe4 dxe4 24. Qxe4 Qxc2 1/2-1/2

[Event "2LD 24/25,Namest n/Osl B-Lipky HK B"]
[Site ""]
[Date "2025.01.12"]
[Round "6.2"]
[White "Jares, Michal"]
[Black "Setina, Vaclav"]
[WhiteElo "2285"]
[BlackElo "2085"]
[Result "1/2-1/2"]
[PlyCount "120"]

1. e4 c5 2. Nf3 Nc6 3. Bb5 Nf6 4. Bxc6 dxc6 5. d3 g6 6. h3 Bg7 7. Nc3 O-O 8.
Be3 b6 9. Qd2 e5 10. Bh6 Qd6 11. Bxg7 Kxg7 12. O-O Ne8 13. a4 a5 14. b3 Nc7 15.
Ne2 Ne6 16. Ng5 Nd4 17. Nxd4 cxd4 18. f4 exf4 19. Rxf4 f6 20. Nf3 Bd7 21. Rf1
b5 22. Ra1 bxa4 23. Rxa4 c5 24. Ra1 a4 25. bxa4 Rxa4 26. Rf1 Raa8 27. Rh4 h5
28. Rf4 Rae8 29. Nh4 Re5 30. Qf2 g5 31. Nf5+ Bxf5 32. Rxf5 Rxf5 33. Qxf5 h4 34.
Ra1 Rf7 35. Qc8 Rc7 36. Qb8 Qg3 37. Qb6 g4 38. Rf1 Rf7 39. Qe6 gxh3 40. Qxh3
Qxh3 41. gxh3 Rc7 42. Kg2 c4 43. Kf3 Rc5 44. Rg1+ Kf7 45. Kf4 cxd3 46. cxd3 Rc2
47. Rf1 Rg2 48. e5 fxe5+ 49. Kxe5+ Kg6 50. Kxd4 Rg3 51. Rh1 Kf5 52. Rf1+ Kg5
53. Rh1 Kf4 54. Kc4 Kf3 55. Rh2 Rg2 56. Rh1 Rg3 57. Rh2 Rg2 58. Rxg2 Kxg2 59.
d4 Kxh3 60. d5 Kg2 1/2-1/2